Statistics for Countries of the World - Map quiz - No Micro-nations

Click here to take the quiz!

General Stats

  • This quiz has been taken 32 times
    (28 since last reset)
  • The average score is 87 of 178

Answers on the Map

Answers color-coded by a green-red scale on the quiz's map according to % correct below.
 

Answer Stats

Answer% Correct
Afghanistan
79%
Canada
74%
Argentina
68%
Australia
68%
Brazil
68%
Mexico
68%
United States of America
68%
Austria
63%
Belgium
63%
Chile
63%
France
63%
India
63%
Italy
63%
Japan
63%
Portugal
63%
Spain
63%
Albania
58%
Algeria
58%
Angola
58%
Armenia
58%
Azerbaijan
58%
Bangladesh
58%
Belarus
58%
Belize
58%
Bolivia
58%
China
58%
Democratic Republic of The Congo
58%
Denmark
58%
Egypt
58%
Finland
58%
Mongolia
58%
Nigeria
58%
Russia
58%
Saudi Arabia
58%
Sweden
58%
United Kingdom
58%
Bhutan
53%
Bosnia and Herzegovina
53%
Botswana
53%
Bulgaria
53%
Cambodia
53%
Central African Republic
53%
Chad
53%
Colombia
53%
Cuba
53%
Ecuador
53%
El Salvador
53%
Germany
53%
Iceland
53%
Iran
53%
Ireland
53%
Libya
53%
Madagascar
53%
New Zealand
53%
Nicaragua
53%
Niger
53%
North Korea
53%
Norway
53%
Pakistan
53%
Panama
53%
Paraguay
53%
Peru
53%
Philippines
53%
South Africa
53%
South Korea
53%
Taiwan
53%
Thailand
53%
Turkey
53%
Uruguay
53%
Benin
47%
Burundi
47%
Cameroon
47%
Cape Verde
47%
Costa Rica
47%
Croatia
47%
Cyprus
47%
Czech Republic
47%
Dominican Republic
47%
Eritrea
47%
Estonia
47%
Eswatini
47%
Ethiopia
47%
Greece
47%
Guatemala
47%
Guyana
47%
Haiti
47%
Hungary
47%
Indonesia
47%
Iraq
47%
Israel
47%
Jordan
47%
Kazakstan
47%
Kenya
47%
Kosovo
47%
Kuwait
47%
Laos
47%
Latvia
47%
Lebanon
47%
Lesotho
47%
Lithuania
47%
Macedonia
47%
Malaysia
47%
Mali
47%
Mauritania
47%
Moldova
47%
Morocco
47%
Mozambique
47%
Myanmar
47%
Namibia
47%
Nepal
47%
Netherlands
47%
Papua New Guinea
47%
Poland
47%
Qatar
47%
Republic of The Congo
47%
Romania
47%
Serbia
47%
Sierra Leone
47%
Slovenia
47%
Somalia
47%
South Sudan
47%
Sri Lanka
47%
Sudan
47%
Suriname
47%
Switzerland
47%
Syria
47%
Tajikistan
47%
Tanzania
47%
Tunisia
47%
Ukraine
47%
Vietnam
47%
Zimbabwe
47%
Burkina Faso
42%
Comoros
42%
Djibouti
42%
East Timor
42%
Equatorial Guinea
42%
Gabon
42%
Georgia
42%
Honduras
42%
Ivory Coast
42%
Luxembourg
42%
Maldives
42%
Malta
42%
Mauritius
42%
Montenegro
42%
Oman
42%
Rwanda
42%
Sao Tome and Principe
42%
Senegal
42%
Seychelles
42%
Slovakia
42%
Togo
42%
Uganda
42%
United Arab Emirates
42%
Uzbekistan
42%
Venezuela
42%
Yemen
42%
Zambia
42%
Ghana
37%
Guinea
37%
Kyrgyzstan
37%
Liberia
37%
Malawi
37%
Micronesia
37%
Nauru
37%
Palau
37%
Turkmenistan
37%
Fiji
32%
Guinea Bissau
32%
Kiribati
32%
Marshall Islands
32%
Solomon Islands
32%
Gambia
21%
Samoa
21%
Tonga
21%
Tuvalu
21%
Vanuatu
21%

Score Distribution

Percentile by Number Answered

Percent of People with Each Score

Your Score History

You have not taken this quiz since the last reset